• 首页
  • 本馆介绍
  • 公告通知
  • 最新文献
  • 馆藏检索
  • 电子资源
  • 读者导购
  • 参考咨询
  • 我的图书馆
  • 登录
  • 详细信息显示
  • 放入我的书架
  • 预约/预借图书
  • 作者相关作品
  • 分类相关作品
  • 丛书相关作品
  • 出版社相关作品

书目信息

  • 表格格式
  • 工作单格式
  • 卡片格式
题名:
政治教育专业教学大纲
    
 
作者: ;教育部师范教育司
分册: 上册  
出版信息: 北京   北京师范大学出版社  1984
页数: 383页
开本: 19cm
丛书名:
单 册:
中图分类: G652.3
科图分类:
主题词: 师范教育--教学理论--课程
电子资源:
ISBN:
000 00782nam0 2200253 45
001 0184010571
005 20050412152753.3
010    @dCNY3.10
091    @a3243.2
100    @a19950619d1984 em y0chiy0121 ea
101 0  @achi
102    @aCN@b110000
105    @ay z 000yy
200 10 @a政治教育专业教学大纲@Azheng zhi jiao yu zhuan ye jiao xue da gang@h上册@e试用本@EShi Yong Ben@f教育部师范教育司@FJiao Yu Bu Shi Fan Jiao Yu Si
210    @a北京@c北京师范大学出版社@d1984
215    @a383页@d19cm
300    @a中学教师进修高等师范本科
517    @a试用本@AShi Yong Ben
606    @a师范教育@x教学理论@x课程
690    @aG652.3@v3
711 02 @a教育部师范教育司
801  0 @aCN@b上海图书馆@c20040429
801  2 @aCN@bNLC@c20040429
905    @dG652.3@e27:1@f1@b200734
    
    政治教育专业教学大纲.上册:试用本/教育部师范教育司.-北京:北京师范大学出版社,1984
    383页;19cm
    中学教师进修高等师范本科
    
    ISBN :CNY3.10
    
●
相关链接 在E读中查询图书 在五车中查询图书 在当当中查询图书 在豆瓣中查询图书


正题名:政治教育专业教学大纲     索取号:G652.3/27:1         预约/预借

序号 登录号 条形码 馆藏地/架位号 状态 备注
1 0200733   001003684   密集书库/ [索取号:G652.3/27:1] 在馆    
2 0200734   002024062   密集书库/ [索取号:G652.3/27:1] 在馆    
3 0200735   001003639   第一样本阅览室/ [索取号:G652.3/27:1] 在馆    
唐山师范学院图书馆 欢迎您!
大连网信软件有限公司© 版权所有